Photovoltaics in the urban environment : lessons learnt from large-scale projects (Record no. 7938)

000 -LEADER
fixed length control field 00440nam a22001577a 4500
003 - CONTROL NUMBER IDENTIFIER
control field OSt
005 - DATE AND TIME OF LATEST TRANSACTION
control field 20200609163810.0
008 - FIXED-LENGTH DATA ELEMENTS--GENERAL INFORMATION
fixed length control field 200609b ||||| |||| 00| 0 eng d
020 ## - INTERNATIONAL STANDARD BOOK NUMBER
International Standard Book Number 9781138978447
082 ## - DEWEY DECIMAL CLASSIFICATION NUMBER
Classification number 621.312
Item number GAI
100 ## - MAIN ENTRY--PERSONAL NAME
Personal name Gaiddon, Bruno
110 ## - MAIN ENTRY--CORPORATE NAME
Corporate name or jurisdiction name as entry element Kaan, Henk; Munro, Donna
245 ## - TITLE STATEMENT
Title Photovoltaics in the urban environment : lessons learnt from large-scale projects
260 ## - PUBLICATION, DISTRIBUTION, ETC. (IMPRINT)
Place of publication, distribution, etc London
Name of publisher, distributor, etc Routledge
Date of publication, distribution, etc 2009
942 ## - ADDED ENTRY ELEMENTS (KOHA)
Source of classification or shelving scheme
Holdings
Withdrawn status Lost status Source of classification or shelving scheme Damaged status Koha normalized classification for sorting Not for loan Permanent location Current location Date acquired Full call number Barcode Date last seen Price effective from Koha item type
        621_312000000000000_GAI   BMS College of Architecture, Design and Planning BMS College of Architecture, Design and Planning 2020-06-09 621.312 GAI AR-UG1669 2020-06-09 2020-06-09 UG Books
Copyright © 2025, The Librarian, Library and Information Centre, BMSCA D&P, Bengaluru. All Rights Reserved
web counter

Powered by Koha